=LDR 00000nam 2200000 4500 =001 NUTBA000000000001813 =005 20150112124304.0 =006 =007 =008 =020 ##$$a 979-518-758-9 =035 ##$$0010-051400000000278 =082 ##$$a 370.19 =100 ##$$a ary h. gunawan =245 ##$$a sosiologi pendidikan =260 ##$$a jakarta $b rineke cipta $c 2000 =990 ##$$a 21400555/BPAP-NTB/2014 =990 ##$$a 0001/BPAP-NTB/20142014 =990 ##$$a 0001/BPAP-NTB/20142015 =990 ##$$a 0001/BPAP-NTB/20142015 =990 ##$$a 0001/BPAP-NTB/20142015